| 000 | 01305nam a22003617a 4500 | ||
|---|---|---|---|
| 001 | 2369 | ||
| 005 | 20240701094453.0 | ||
| 020 | _a9781469206233 | ||
| 020 | _a9780575449373 | ||
| 020 | _a1469206234 | ||
| 040 |
_aBTCTA _beng _cBTCTA _dBDX _dFSP _dOCLCO _dRECBX _dOCLCO _dTEF _dDLC |
||
| 050 | 0 | 0 | _aPZ7.M478419 |
| 082 | 0 | 4 | _a813.54 |
| 100 | 1 | _aMcDonald, Megan | |
| 245 | 1 | 0 |
_aStink and the ultimate thumb-wrestling smackdown / _cMegan McDonald. illustrated by Peter H. Reynolds |
| 250 | _aFirst Scholastic printing, January 2012 | ||
| 260 |
_aNew York : _bScholastic, _c2011 |
||
| 300 |
_a128 pages : _billustrations ; _c20 cm |
||
| 490 | 0 |
_aStink ; _vBook 6 |
|
| 490 | 0 | _aCandlewick on BrillianceAudio | |
| 505 | _aH | ||
| 520 | _aAfter second-grader Stink gets an unsatisfactory grade in physical education his parents tell him he must play a sport, and so he masters thumb wrestling, as seen on a sports channel. | ||
| 521 |
_a500
_bLexile |
||
| 521 |
_aH
_bRaz-Plus |
||
| 650 | 0 |
_aSchools _vJuvenile fiction. |
|
| 650 | 0 |
_aFamilies _vJuvenile fiction. |
|
| 650 | 1 |
_aSports _vFiction. |
|
| 650 | 1 |
_aSchools _vFiction. |
|
| 650 | 1 |
_aFamily life _vFiction. |
|
| 700 |
_aReynolds, Peter H. _eillustrator |
||
| 906 |
_a7 _bcbc _ccopycat _d2 _encip _f20 _gy-soundrec |
||
| 942 |
_2ddc _cBK _n0 |
||
| 999 |
_c2369 _d2369 |
||